| 000 | 00601nam a22001937a 4500 | ||
|---|---|---|---|
| 003 | OSt | ||
| 005 | 20260115032813.0 | ||
| 008 | 260115b |||||||| |||| 00| 0 eng d | ||
| 020 | _a1-58279-341-7. | ||
| 040 |
_aDWCL-Main lib _cOC |
||
| 082 | _aGR. 641.5 G787 2001 | ||
| 111 | _aR & R Publications Marketing PTY. LTD. | ||
| 245 |
_aGreat ground meat recipes _cR & R Publications Marketing PTY. LTD. |
||
| 260 |
_aUSA : _bTrident Reference Publishing, _cc2001. |
||
| 300 |
_a80 pages : _bcolored illustration ; _c28 cm. |
||
| 504 | _aIncludes index. | ||
| 650 | _21. Cooking. | ||
| 942 |
_2ddc _cGR _kGR. _n0 |
||
| 999 |
_c7417 _d7417 |
||